LEADER 03661nam 2200541 450 001 9910488730503321 005 20221223113924.0 010 $a1-00-316021-2 010 $a1-000-41838-3 035 $a(CKB)5590000000520746 035 $a(NjHacI)995590000000520746 035 $a(oapen)https://directory.doabooks.org/handle/20.500.12854/70983 035 $a(EXLCZ)995590000000520746 100 $a20221223d2021 uy 0 101 0 $aeng 135 $aur||||||||||| 181 $ctxt$2rdacontent 182 $cc$2rdamedia 183 $acr$2rdacarrier 200 10$aScience in Movements $eknowledge control and social contestation in China's hydropower, GMO and nuclear controversies /$fHepeng Jia 210 $cTaylor & Francis$d2022 210 1$aLondon :$cRoutledge,$d2021. 215 $a1 online resource (236 pages) $cillustrations 225 1 $aChinese Perspectives on Journalism and Communication 311 $a1-003-16021-2 311 $a0-367-74909-2 320 $aIncludes bibliographical references and index. 327 $aScience controversies encounter political opportunities -- Research method and data -- Science controversies in transitional China -- Hydropower, fragmentation, and knowledge making -- GMO controversy : how orthodox science lost control -- Nuclear power debate in a narrow political opportunity structure -- Why are science controversies so different -- Synergy of different theoretical traditions in a comparative lens. 330 $a"This book analyses and compares the origins, evolutionary patterns and consequences of different science and technology controversies in China, including hydropower resistance, disputes surrounding genetically modified organisms, and the nuclear power debate. The examination combines social movement theories, communication studies and science and technology studies. Taking a multidisciplinary approach, the book provides an insight into the interwoven relationship between social and political controls and knowledge monopoly and looks into a central issue neglected by previous science communication studies: why have different controversies shown divergent patterns despite similar social and political contexts? It is revealed that the media environment, political opportunity structures, knowledge-control regimes, and activists' strategies have jointly triggered, nurtured, and sustained these controversies and led to the development of different patterns. Based on these observations, the author also discusses the significance of science communication studies in promoting China's social transformation and further explores the feasible approach to a more generic framework to understand science controversies across the world. The book will be of value to the academics of science communication, science and technology studies, political science studies and sociology, as well as general readers interested in China's science controversies and social movements"-- Provided by publisher. 517 $aScience in Movements 606 $aCommunication in science$zChina 606 $aScience and state$zChina 606 $aScience$xSocial aspects$zChina 610 $aCommunication Studies 610 $aScience Communication 610 $aScience Controversies in China 610 $aSocial Movement 615 0$aCommunication in science 615 0$aScience and state 615 0$aScience$xSocial aspects 676 $a306.4509510905 700 $aJia$b Hepeng$01271673 801 0$bNjHacI 801 1$bNjHacl 906 $aBOOK 912 $a9910488730503321 996 $aScience in Movements$92995716 997 $aUNINA LEADER 02094nam 2200601 450 001 9910785032003321 005 20230721020013.0 010 $a1-282-71003-6 010 $a9786612710032 010 $a1-4411-1475-0 035 $a(CKB)2670000000034315 035 $a(EBL)564312 035 $a(OCoLC)650310420 035 $a(SSID)ssj0000411828 035 $a(PQKBManifestationID)11306578 035 $a(PQKBTitleCode)TC0000411828 035 $a(PQKBWorkID)10356245 035 $a(PQKB)10792210 035 $a(MiAaPQ)EBC564312 035 $a(MiAaPQ)EBC5309764 035 $a(Au-PeEL)EBL5309764 035 $a(CaPaEBR)ebr11518730 035 $a(OCoLC)1027161903 035 $a(MiAaPQ)EBC3002971 035 $a(Au-PeEL)EBL3002971 035 $a(OCoLC)928191416 035 $a(EXLCZ)992670000000034315 100 $a20180315h20072007 uy 0 101 0 $aeng 135 $aur|n|---||||| 181 $ctxt 182 $cc 183 $acr 200 10$aAnglican and Evangelical? /$fRichard Turnbull 210 1$aLondon, [England] ;$aNew York, New York :$cContinuum,$d2007. 210 4$dİ2007 215 $a1 online resource (191 p.) 300 $aDescription based upon print version of record. 311 $a0-8264-8164-7 320 $aIncludes bibliographical references and index. 327 $aContents; Abbreviations; Introduction; 1 Understanding Anglican identity; 2 Understanding Evangelical identity; 3 Anglican Evangelicalism; 4 Church, culture and society; Conclusion; Bibliography; Index of names and subjects 330 $aAt a time when Anglicans and Evangelicals seem to be increasingly polarized rather than part of the same tradition, an Evangelical Anglican takes a fre 606 $aEvangelicalism$xChurch of England 615 0$aEvangelicalism$xChurch of England. 676 $a283.42 700 $aTurnbull$b R. D$g(Richard D.),$01547236 801 0$bMiAaPQ 801 1$bMiAaPQ 801 2$bMiAaPQ 906 $aBOOK 912 $a9910785032003321 996 $aAnglican and Evangelical$93803467 997 $aUNINA